00956nab a22002297a 4500003000400000005001700004008004100021040000700062100002300069245008700092260007300179300001300252500003600265505008100301650001800382650001700400650008100417650002800498650003400526650001800560773014800578OSt20260205092550.0190429b xxu||||| |||| 00| 0 spa d cPJ aCueto, A. Mauricio13aEl art. 194 del Código Penal del Proyecto de Ley Ómnibus /cA. Mauricio Cueto. cCiudad Autónoma de Buenos Aires :aThomson Reuters La Ley, b2024. ap. 13-35 aCita: TR LALEY AR/DOC/878/2024. tSi te interesa el texto completo, solicitalo a koha@justierradelfuego.gov.ar 0aDERECHO PENAL 0aCODIGO PENAL 0aDELITOS CONTRA LA SEGURIDAD DE LOS MEDIOS DE TRANSPORTE Y DE COMUNICACIÓN  0aTRANSPORTE DE PASAJEROS 0aPENA PRIVATIVA DE LA LIBERTAD 0aARMA DE FUEGO0 02658tRevista de derecho penal y criminología. Nº 4 - Mayo 2024dCiudad Autónoma de Buenos Aires : Thomson Reuters La Ley, 2017-x00347914